[Event "HCL-C4221"]
[Site "www.playchess.de"]
[Date "2006.03.27"]
[Round "8"]
[White "nichju"]
[Black "handrej68"]
[WhiteElo "977"]
[BlackElo "1340"]
[PlyCount "86"]
[Result "0-1"]

1.e4 {Hello and good luck to you}  d6 2.d4 Nf6 
3.Nc3 c6 4.e5 dxe5 5.dxe5 Qxd1+ 6.Nxd1 Ng4 7.Bf4 
e6 8.Be2 Nh6 9.Nf3 Bc5 10.O-O Nf5 11.Ng5 h6 12.Ne4 
Nd4 13.Bd3 Be7 14.Ne3 O-O 15.c3 Nf5 16.g4 Nh4 
17.Be2 f5 18.gxf5 Nxf5 19.Nxf5 Rxf5 20.Bg3 h5 
21.f4 Nd7 22.Kg2 Nc5 23.Bf3 g5 24.fxg5 Nxe4 
25.Bxe4 Rxg5 26.Rf3 h4 27.Raf1 hxg3 28.hxg3 Bd7 
29.Kh3 Rf8 30.Rd1 Rxf3 31.Bxf3 Be8 32.b4 Rxe5 
33.g4 Re3 34.Kg3 Rxc3 35.Kf4 Rc4+ 36.Ke5 Kf7 37.a3 
Rc3 38.Rf1 Bf6+ 39.Kd6 Rxa3 40.Rh1 Rxf3 41.Rh7+ 
Bg7 42.g5 e5 43.Kc7 Kg6 0-1

[Event "HCL-C4098"]
[Site "www.playchess.de"]
[Date "2006.03.27"]
[Round "15"]
[White "winnetou"]
[Black "JMD"]
[WhiteElo "860"]
[BlackElo "1293"]
[PlyCount "45"]
[Result "1-0"]

1.e4 {Greetings from Sao Paulo, Brazil! Good 
luck!}  e5 {greetings from Paris}  2.Nf3 Nf6 3.Bc4 
Nc6 4.Ng5 d5 5.exd5 Nxd5 6.Qf3 Qxg5 7.Bxd5 Bd7 
8.Bxf7+ Kd8 9.Nc3 Bg4 10.Qd5+ Bd6 11.Ne4 Qe7 12.d3 
h6 13.Bg6 Be6 14.Qb5 Rb8 15.Qa4 a6 16.Nxd6 cxd6 
17.Be3 b5 18.Qxa6 Kd7 19.O-O Qf6 20.Ba7 Rbc8 
21.Qb7+ Kd8 22.Bb6+ Rc7 23.Qxc7+ 1-0

[Event "HCL-E1496"]
[Site "www.playchess.de"]
[Date "2006.03.27"]
[Round "19"]
[White "pgschumy"]
[Black "Jackaroe"]
[WhiteElo "1787"]
[BlackElo "1646"]
[PlyCount "79"]
[Result "1-0"]

1.e4 {Hi! From Sofia, Bulgaria! gg}  e6 {thanks 
idem}  2.d4 d5 3.exd5 exd5 4.Nf3 Bg4 5.h3 Bh5 
6.Be2 h6 7.O-O Bg6 8.Re1 Be7 9.Nc3 Nf6 10.Bf4 O-O 
11.a3 Nbd7 12.Bd3 Bxd3 13.Qxd3 Re8 14.Nb5 Rc8 
15.Nxa7 Ra8 16.Nb5 Rc8 17.Qb3 Nb6 18.Nc3 Bd6 
19.Bxd6 Qxd6 20.Re5 Nc4 21.Rxe8+ Rxe8 22.Qxb7 c6 
23.Qb4 Qc7 24.b3 Nd6 25.Re1 Rb8 26.Qa4 c5 27.Re5 
c4 28.Nxd5 Nxd5 29.Rxd5 cxb3 30.Rc5 Qb7 31.cxb3 
Ra8 32.Qb4 Qa7 33.Rc6 Ne4 34.a4 Rb8 35.Qc4 Rb7 
36.Qc2 f5 37.g4 Re7 38.Qc4+ Kh7 39.gxf5 Qb8 
40.Rc8 1-0

[Event "HCL-E1600"]
[Site "www.playchess.de"]
[Date "2006.03.27"]
[Round "5"]
[White "SABU"]
[Black "carrillero"]
[WhiteElo "2063"]
[BlackElo "1621"]
[PlyCount "23"]
[Result "1-0"]

1.d4 d5 {Hola}  2.c4 {Buena suerte}  dxc4 3.Nf3 
Nf6 4.e3 b5 5.a4 c6 6.Nc3 Nd5 7.Ne5 Nxc3 8.bxc3 
Qc7 9.axb5 cxb5 10.Qf3 Bb7 11.Qxf7+ Kd8 
12.Qe6 1-0

[Event "HCL-E1593"]
[Site "www.playchess.de"]
[Date "2006.03.27"]
[Round "6"]
[White "PLUTARCO"]
[Black "carrillero"]
[WhiteElo "2105"]
[BlackElo "1607"]
[PlyCount "35"]
[Result "1-0"]

1.e4 e5 {Hola}  2.Nf3 {Buena suerte.}  Nc6 3.Bb5 
a6 4.Ba4 Nf6 5.O-O b5 6.Bb3 Bc5 7.c3 d6 8.d4 exd4 
9.cxd4 Bb6 10.h3 h6 11.Nc3 O-O 12.e5 dxe5 13.dxe5 
Qxd1 14.Rxd1 Nh5 15.g4 Ng3 16.Kg2 b4 17.Nd5 Ne4 
18.Nxb6 1-0

[Event "HCL-E1587"]
[Site "www.playchess.de"]
[Date "2006.03.27"]
[Round "6"]
[White "TheGreatGatsby"]
[Black "Pijean"]
[WhiteElo "2001"]
[BlackElo "1704"]
[PlyCount "83"]
[Result "1-0"]

1.e4 c5 2.Nf3 d6 3.d4 cxd4 4.Nxd4 Nc6 5.Nc3 a6 
6.Be3 Nf6 7.f3 e6 8.Qd2 Be7 9.O-O-O d5 10.Nxc6 
bxc6 11.e5 Nd7 12.f4 c5 13.Nxd5 exd5 14.Qxd5 Nb6 
15.Qb3 Qc7 16.Be2 Be6 17.Qd3 Bxa2 18.b3 c4 19.Qc3 
Ba3+ 20.Kd2 Rd8+ 21.Ke1 Nd5 22.Rxd5 Rxd5 23.Bxc4 
O-O 24.Qa1 Bb4+ 25.Kf2 Ra5 26.Qb2 Bc5 27.Ra1 Bxe3+ 
28.Kxe3 Qc5+ 29.Kf3 Qa3 30.Qd4 Qe7 31.Qb2 Qa3 
32.Qd4 Ra4 33.Bxf7+ Rxf7 34.Qxa4 Qxa4 35.bxa4 Bd5+ 
36.Ke3 Bxg2 37.Rb1 Rc7 38.Rb6 Bf1 39.Kd2 Rc5 
40.Rd6 Ra5 41.e6 Rxa4 42.Rd8+ 1-0

[Event "HCL-A2434"]
[Site "www.playchess.de"]
[Date "2006.03.27"]
[Round "36"]
[White "saemi"]
[Black "Michael_Lloyd"]
[WhiteElo "1601"]
[BlackElo "1471"]
[PlyCount "82"]
[Result "0-1"]

1.e4 {Hi, again}  c5 {Hi there, good luck!}  2.Nf3 
Nc6 3.d4 cxd4 4.Nxd4 Nf6 5.Nc3 e5 6.Ndb5 d6 7.Bg5 
a6 8.Na3 b5 9.Bxf6 gxf6 10.Nd5 f5 11.Bd3 Be6 
12.O-O Bg7 13.c4 fxe4 14.Be2 bxc4 15.Nxc4 O-O 
16.Ncb6 Ra7 17.Qa4 Bxd5 18.Nxd5 Nb8 19.Qxe4 a5 
20.Rac1 Na6 21.Bd3 f5 22.Qe3 Nc5 23.a3 Rb7 24.Bc4 
Kh8 25.b4 axb4 26.axb4 Ne6 27.b5 Nc7 28.Nxc7 Rxc7 
29.Qb3 Rf6 30.Bd5 Rxc1 31.Rxc1 Bh6 32.Rc6 Qa5 
33.g3 f4 34.b6 fxg3 35.hxg3 Qe1+ 36.Kh2 Qxf2+ 
{(offering draw)}  37.Kh3 {I want to try some 
more, this is an interesting position.}  Qf1+ 
{You're right - a wide open position with chances 
for both sides.}  38.Kg4 Rg6+ 39.Kh4 Bg5+ 40.Kg4 
Be7+ 41.Kh5 Qh3+ 0-1

[Event "HCL-M829"]
[Site "www.playchess.de"]
[Date "2006.03.27"]
[Round "5"]
[White "Bronislaw"]
[Black "Azulejos"]
[WhiteElo "2189"]
[BlackElo "2100"]
[PlyCount "89"]
[Result "1-0"]

1.e4 {Hello! Nice to meet you. I wish you good 
luck! I'm from Bucharest, Romania.}  e5 {Saludos 
desde Spain}  2.Nf3 Nc6 3.Bb5 a6 4.Ba4 Nf6 5.O-O 
Be7 6.Re1 b5 7.Bb3 O-O 8.a4 b4 9.d4 d6 10.dxe5 
Nxe5 11.Nxe5 dxe5 12.Qe2 a5 13.Rd1 Ba6 14.Qf3 Qe8 
15.Be3 Qc6 16.Nd2 Rad8 17.Qg3 Nxe4 18.Qf3 Bb7 
19.Nc4 Rxd1+ 20.Rxd1 Qa6 21.Nxe5 Nf6 22.Qh3 Qe2 
23.Rc1 Bd5 24.Qf5 Rd8 25.Bxd5 Rxd5 26.h3 c5 
27.Qc8+ Rd8 28.Qb7 Re8 29.Nd3 Bd6 30.Bxc5 Bxc5 
31.Nxc5 Qd2 32.Nb3 Qf4 33.Qa7 Re2 34.Qa8+ Ne8 
35.Qf3 {Happy New Year !}  Qxf3 36.gxf3 Re5 37.f4 
Rh5 38.Re1 Kf8 39.Re5 Rxh3 40.Rxa5 Rh4 41.Rc5 Rxf4 
42.a5 Rf6 43.Rc4 Rg6+ 44.Kf1 Ra6 
45.Rxb4 1-0

[Event "HCL-E1579"]
[Site "www.playchess.de"]
[Date "2006.03.27"]
[Round "10"]
[White "Curtis"]
[Black "Harijs"]
[WhiteElo "1422"]
[BlackElo "1846"]
[PlyCount "66"]
[Result "0-1"]

1.d4 Nf6 {Hello from Latvia! Good luck!}  2.c4 
{Hello, How is the weather in Latvia this time of 
year?}  g6 {At us the winter, is not enough snow, 
nearby - 20}  3.Nf3 e6 4.a3 d5 5.cxd5 exd5 6.g3 
Nc6 7.Bg2 Bg7 8.O-O O-O 9.Nc3 Ne4 10.e3 Nxc3 
11.bxc3 Re8 12.Re1 Bg4 13.h3 Be6 14.Kh2 h6 15.Bd2 
b6 16.Qb3 Na5 17.Qa2 Qf6 18.Rab1 Bf5 19.Rba1 Be4 
20.Ng1 {good move}  Qxf2 {thanks!}  21.Re2 Qf5 
22.Bxe4 Rxe4 23.Kg2 Nc4 24.Bc1 h5 25.Nf3 Bh6 
26.Qc2 Bxe3 27.Bxe3 Nxe3+ 28.Rxe3 Rxe3 29.Qxf5 
gxf5 30.Rc1 Re2+ 31.Kf1 Rae8 32.Ne5 Rh2 33.h4 
Rh1+ 0-1

[Event "HCL-E1559"]
[Site "www.playchess.de"]
[Date "2006.03.27"]
[Round "9"]
[White "chessy371"]
[Black "Maccdavid"]
[WhiteElo "2203"]
[BlackElo "1639"]
[PlyCount "70"]
[Result "1/2-1/2"]

1.d4 d5 2.Nf3 Nc6 3.e3 Bg4 4.Nbd2 Nf6 5.c3 e6 
6.Bd3 Bd6 7.h3 Bh5 8.Qc2 Qd7 9.e4 dxe4 10.Nxe4 
Bxf3 11.gxf3 Nxe4 12.fxe4 O-O-O 13.Be3 Be7 
14.O-O-O Nb8 15.c4 c6 16.Kb1 g6 17.e5 Na6 18.a3 
Kb8 19.Qa4 c5 20.Qxd7 Rxd7 21.d5 exd5 22.cxd5 Rxd5 
23.Bxa6 Rxd1+ 24.Rxd1 bxa6 25.Rd7 Re8 26.f4 h5 
27.h4 a5 28.Kc2 f6 29.exf6 Bxf6 30.Bxc5 Rc8 31.b4 
axb4 32.axb4 a5 33.Kb3 axb4 34.Bxb4 Bxh4 35.Bd6+ 
Ka8 {(offering draw) Draw?}  1/2-1/2

[Event "HCL-B3916"]
[Site "www.playchess.de"]
[Date "2006.03.27"]
[Round "4"]
[White "DTW"]
[Black "RUDI"]
[WhiteElo "1290"]
[BlackElo "1291"]
[PlyCount "45"]
[Result "1-0"]

1.e4 e5 2.Nf3 Nc6 3.Nc3 Nf6 4.d4 exd4 5.Nxd4 Bb4 
6.Nxc6 dxc6 7.Qxd8+ Kxd8 8.Bg5 Bxc3+ 9.bxc3 Be6 
10.e5 Ke7 11.exf6+ gxf6 12.Bh4 Rad8 13.Bd3 Rd6 
14.O-O h6 15.Rfe1 b5 16.Bf5 Rg8 17.Bg3 Rd2 18.Rac1 
Rg5 19.Bxe6 fxe6 20.Bf4 Rc5 21.Bxd2 a6 22.Re4 Rd5 
23.Bxh6 1-0

[Event "HCL-C4147"]
[Site "www.playchess.de"]
[Date "2006.03.27"]
[Round "8"]
[White "surak"]
[Black "epenz"]
[WhiteElo "1095"]
[BlackElo "923"]
[PlyCount "75"]
[Result "1-0"]

1.e4 e5 2.Nf3 Nc6 3.Bb5 d6 4.d4 Bd7 5.Nc3 a6 6.Ba4 
b5 7.Bb3 h6 8.h3 Nf6 9.dxe5 dxe5 10.O-O Be7 11.Re1 
O-O 12.Be3 Bb4 13.Bd2 Nd4 14.Nxd4 exd4 15.Ne2 Bxd2 
16.Qxd2 c5 17.a3 Nxe4 18.Qc1 Be6 19.Bxe6 fxe6 
20.Nf4 Qe7 21.Rxe4 e5 22.Nd5 Qd6 23.Nc3 dxc3 
24.bxc3 Rae8 25.Qe3 c4 26.Re1 Rf5 27.g4 Rf4 
28.Rxf4 exf4 29.Qxe8+ Kh7 30.Qe4+ Kh8 31.Qd4 Qc7 
32.Re8+ Kh7 33.Re4 g5 34.h4 a5 35.hxg5 hxg5 36.Qe5 
Qd8 37.Qe7+ Kh8 38.Qxd8+ 1-0

[Event "HCL-C4190"]
[Site "www.playchess.de"]
[Date "2006.03.27"]
[Round "9"]
[White "epenz"]
[Black "Skipper_Robert"]
[WhiteElo "937"]
[BlackElo "963"]
[PlyCount "140"]
[Result "0-1"]

1.e4 {hallo...}  e5 {auf ein Neues}  2.Nf3 {viel 
Spass...}  Nc6 {auch so}  3.Nc3 d6 4.Bb5 Bd7 5.O-O 
Nf6 6.h3 Be7 7.d3 a6 8.Bxc6 Bxc6 9.Re1 O-O 10.Be3 
Qd7 11.a3 d5 12.Bd2 d4 13.Ne2 h6 14.Nxe5 Qe6 15.f4 
Bd6 16.Nxd4 Qc8 17.Nexc6 bxc6 18.Nxc6 Qd7 19.Nd4 
Bc5 20.c3 Bxd4+ 21.cxd4 Qxd4+ 22.Be3 Qxb2 23.Re2 
Qb5 24.a4 Qd7 25.Qc2 g5 26.f5 Kh7 27.Rf2 Qe7 
28.Bc5 Qe5 29.Bxf8 Qxa1+ 30.Rf1 Qd4+ 31.Rf2 Rxf8 
32.Kh2 Qe5+ 33.g3 Nh5 34.Rg2 Rg8 35.Qe2 Nf6 36.Kg1 
Qa1+ 37.Kh2 Qxa4 38.Qa2 Qxa2 39.Rxa2 Ra8 40.g4 c5 
41.Ra5 Nd7 42.Kg3 f6 43.Kf3 h5 44.Ke3 h4 45.Kd2 
Ra7 46.Kc2 Kg7 47.Kc3 Kf7 48.Kc4 Ke7 49.Kd5 Ra8 
50.Kc6 Ne5+ 51.Kxc5 Nxd3+ 52.Kd5 Nf4+ 53.Kd4 Nxh3 
54.e5 fxe5+ 55.Kxe5 Nf4 56.Ke4 Ne2 57.Ra1 Nf4 
58.Kf3 a5 59.Ra4 Kd6 60.Ke4 Ke7 61.Ke5 Kf7 62.Ke4 
h3 63.Ra2 a4 64.Kf3 h2 65.Rxh2 a3 66.Ra2 Nd5 
67.Ke4 Nc3+ 68.Kd4 Nxa2 69.Kc4 Nc1 70.Kc3 
a2 0-1

[Event "HCL-A2671"]
[Site "www.playchess.de"]
[Date "2006.03.27"]
[Round "9"]
[White "victorabiodun03"]
[Black "jcarr"]
[WhiteElo "1621"]
[BlackElo "1700"]
[PlyCount "27"]
[Result "1-0"]

1.f4 d5 2.Nf3 Nf6 3.e3 e6 4.d4 c5 5.c3 Ne4 6.Bd3 
f5 7.O-O Nc6 8.Nbd2 cxd4 9.exd4 Be7 10.Bb5 a6 
11.Bxc6+ bxc6 12.Nxe4 fxe4 13.Ne5 Bd7 
14.Qh5+ 1-0

[Event "HCL-E1589"]
[Site "www.playchess.de"]
[Date "2006.03.27"]
[Round "3"]
[White "hakam_kilani"]
[Black "ggaarrii"]
[WhiteElo "1689"]
[BlackElo "1709"]
[PlyCount "56"]
[Result "0-1"]

1.e4 c5 2.Nf3 Nc6 3.Bc4 e6 4.O-O d6 5.d4 cxd4 
6.Nxd4 Nf6 7.Bg5 Be7 8.Nc3 O-O 9.Ndb5 a6 10.Bxf6 
Bxf6 11.Nxd6 b5 12.Bb3 Qc7 13.Nxc8 Raxc8 14.Qg4 
Bxc3 15.bxc3 Ne5 16.Qg3 Qxc3 17.Qh4 Nc4 18.f4 Nd2 
19.Rfe1 Nxe4 20.Rad1 Nc5 21.Qg4 a5 22.f5 a4 
23.fxe6 axb3 24.exf7+ Kxf7 25.Qg5 bxc2 26.Re7+ Kg8 
27.Rc1 Nd3 28.Rxc2 Qa1+ 0-1

[Event "HCL-B3937"]
[Site "www.playchess.de"]
[Date "2006.03.27"]
[Round "7"]
[White "vaidasmp"]
[Black "payaso"]
[WhiteElo "1699"]
[BlackElo "940"]
[PlyCount "56"]
[Result "1/2-1/2"]

1.e4 c5 2.d3 Nc6 3.Be3 d6 4.Nf3 g6 5.c3 Bg7 6.Qd2 
Nf6 7.h3 Nd7 8.Be2 Nde5 9.Na3 a6 10.Nxe5 Nxe5 
11.Bh6 O-O 12.f4 Bxh6 13.g4 Nc6 14.g5 Bg7 15.h4 f5 
16.h5 Qe8 17.hxg6 Qxg6 18.Bh5 Qe6 19.O-O-O Qxa2 
20.exf5 Bxf5 21.Be2 c4 22.Nxc4 Qa1+ 23.Kc2 Qa4+ 
24.b3 Qa2+ 25.Kc1 Qa1+ 26.Kc2 Qa2+ 27.Kc1 Qa1+ 
28.Kc2 Qa2+ 1/2-1/2

[Event "HCL-E1592"]
[Site "www.playchess.de"]
[Date "2006.03.27"]
[Round "21"]
[White "yannick"]
[Black "froilo"]
[WhiteElo "1567"]
[BlackElo "1526"]
[PlyCount "84"]
[Result "1/2-1/2"]

1.b4 {hi,good tournament}  Nf6 {thanks, same wish} 
 2.Bb2 e6 3.b5 a6 4.a4 c6 5.bxa6 Nxa6 6.Nf3 d5 
7.Bxf6 Qxf6 8.d4 Bb4+ 9.c3 Ba5 10.g4 c5 11.g5 Qe7 
12.Qb3 O-O 13.Nbd2 cxd4 14.cxd4 Bxd2+ 15.Nxd2 Qxg5 
16.e4 Qf4 17.Bxa6 bxa6 18.Qc2 dxe4 19.Qxe4 Qxe4+ 
20.Nxe4 Bb7 21.f3 Rfd8 22.Rd1 f5 23.Ng5 Rd6 24.Rb1 
Bc6 25.Rb6 Rad8 26.Kf2 h6 27.Rc1 hxg5 28.Rcxc6 
R6xd4 29.Rbxa6 e5 30.Rc5 R4d5 31.Rxd5 Rxd5 32.Rg6 
Kf7 33.Rxg5 Kf6 34.h4 Ra5 35.Rg1 Rxa4 36.h5 Rh4 
37.Rg6+ Kf7 38.Rg5 Ke6 39.Kg3 Rh1 40.Kg2 Rh4 
41.Kg3 Rh1 42.Kg2 Rh4 {(offering draw)} 
 1/2-1/2

[Event "HCL-B3849"]
[Site "www.playchess.de"]
[Date "2006.03.27"]
[Round "15"]
[White "garden"]
[Black "Genesio"]
[WhiteElo "1084"]
[BlackElo "1091"]
[PlyCount "80"]
[Result "0-1"]

1.e4 c5 2.Bc4 e6 3.d4 d5 4.Bb5+ Bd7 5.Bxd7+ Nxd7 
6.c3 cxd4 7.Qxd4 Bc5 8.Qa4 Ne7 9.Bg5 O-O 10.b4 Bd6 
11.exd5 exd5 12.Nf3 h6 13.Bxe7 Qxe7+ 14.Kd2 Bf4+ 
15.Kc2 Qe2+ 16.Nbd2 Ne5 17.Rae1 Qxf2 18.g3 Nxf3 
19.Rhf1 Qxd2+ 20.Kb3 Nxe1 21.Rxf4 Rfc8 22.c4 Qc2+ 
23.Ka3 Qxa4+ 24.Kxa4 Rxc4 25.Rf5 d4 26.Rf4 Rac8 
27.Re4 Nf3 28.h3 Ng5 29.Re5 d3 30.Re7 d2 31.Rd7 
R4c2 32.a3 R8c7 33.Rd8+ Kh7 34.h4 Nf3 35.Ra8 d1Q 
36.Kb5 Nd4+ 37.Ka5 Nb3+ 38.Ka4 R2c6 39.Rxa7 Nd4+ 
40.Ka5 Qb3 0-1

[Event "HCL-A2652"]
[Site "www.playchess.de"]
[Date "2006.03.27"]
[Round "5"]
[White "wbaldan"]
[Black "Belzlover"]
[WhiteElo "1702"]
[BlackElo "1900"]
[PlyCount "136"]
[Result "0-1"]

1.d4 d5 2.c4 Nc6 3.Nc3 dxc4 4.Nf3 Nf6 5.e4 Bg4 
6.Be3 e6 7.Bxc4 Bb4 8.Qc2 O-O 9.e5 Nd5 10.O-O-O 
Bf5 11.Bd3 Nxe3 12.fxe3 Bxd3 13.Qxd3 Ne7 14.Ng5 
Ng6 15.h4 Be7 16.Nce4 h6 17.Nf3 Re8 18.g4 Nxh4 
19.Nxh4 Bxh4 20.Rdg1 Kf8 21.Rh3 b5 22.Rgh1 Bg5 
23.R3h5 Qd5 24.Nxg5 hxg5 25.Qa3+ c5 26.Qxc5+ Qxc5+ 
27.dxc5 Rec8 28.b4 a5 29.a3 Ke7 30.Kb2 axb4 
31.axb4 Ra4 32.Kb3 Rca8 33.R5h8 R4a3+ 34.Kb2 R3a2+ 
35.Kc3 R8a3+ 36.Kd4 Rc2 {I was totally lost in 
that game.}  37.Ke4 Rc4+ 38.Kf3 f5 39.exf6+ Kxf6 
40.Rb8 Rxb4 41.Rc1 Rbb3 42.c6 Rbxe3+ 43.Kf2 Rec3 
44.Rxc3 Rxc3 45.Rxb5 Rxc6 46.Kf3 Rd6 47.Rb3 Rd4 
48.Rb5 Rf4+ {Where did you live in Italy ?}  
49.Kg3 {Near Venice. But actually I am in Brussels 
for the time being. Where do you live?}  Ra4 {I 
live in Stuttgart. I think you missed the win in 
the game ?!}  50.Rc5 {Yes I know, I should have 
exchanged one rook at an earlier stage. Saw 
something inexistant. Never mind...}  Ra3+ 51.Kf2 
g6 52.Rc4 Ra6 53.Re4 e5 54.Rb4 Ke6 55.Ke3 Ra1 
56.Rb6+ Kd5 57.Rxg6 Ra3+ 58.Kf2 Kd4 59.Rxg5 e4 
60.Rg8 Ra2+ 61.Kg3 Kd3 62.Rd8+ Ke2 63.Kg2 Ke1+ 
64.Kg1 e3 65.g5 e2 66.Kg2 Ra5 67.Re8 Rxg5+ 68.Kf3 
Rf5+ 0-1

[Event "HCL-E1619"]
[Site "www.playchess.de"]
[Date "2006.03.27"]
[Round "3"]
[White "PhilipKaveny"]
[Black "maus"]
[WhiteElo "1422"]
[BlackElo "1419"]
[PlyCount "37"]
[Result "1/2-1/2"]

1.e4 {Hello welcome to class E}  e5 
{hello!think's}  2.Bc4 {Hello}  Nf6 3.Nf3 Nxe4 
4.Nxe5 d5 5.Bb3 Be6 6.O-O Bd6 7.d4 O-O 8.Nc3 Ng5 
9.Bxg5 Qxg5 10.f4 Qf5 11.Bxd5 Bxd5 12.Nxd5 Nc6 
13.c4 Ne7 14.Nxe7+ Bxe7 15.Qd3 Qe6 16.d5 Qb6+ 
17.Kh1 Qxb2 18.Rfb1 Qf2 19.Rbf1 {(offering draw)} 
 1/2-1/2

[Event "HCL-B3650"]
[Site "www.playchess.de"]
[Date "2006.03.27"]
[Round "17"]
[White "Pineywoods"]
[Black "JMD"]
[WhiteElo "1226"]
[BlackElo "1360"]
[PlyCount "121"]
[Result "1-0"]

1.g3 d5 {hello from Paris}  2.Bg2 e5 3.d3 c6 4.b3 
Bc5 5.Bb2 f6 6.Nf3 d4 7.O-O g5 8.c3 dxc3 9.Nxc3 
Be6 10.e4 b5 11.a3 Bg4 12.h3 Bxf3 13.Bxf3 Ne7 
14.Ne2 h5 15.Bg2 a5 16.d4 exd4 17.Nxd4 Na6 18.Ne6 
Qxd1 19.Raxd1 Kf7 20.Nxc5 Nxc5 21.b4 axb4 22.axb4 
Na4 23.Bd4 Rhd8 24.Be3 Nc3 25.Rxd8 Rxd8 26.Re1 Nd1 
27.Bc5 Ng6 28.Bf3 Nb2 29.Bxh5 Kg7 30.Bxg6 Kxg6 
31.Kg2 Rd2 32.Be3 Rc2 33.Rc1 Rxc1 34.Bxc1 Nd3 
35.Bd2 c5 36.bxc5 Nxc5 37.f3 Nd3 38.Kf1 Ne5 39.Ke2 
Nc4 40.Kd3 Kf7 41.Bb4 Ke6 42.Kd4 Ne5 43.Kc5 Nd3+ 
44.Kxb5 Nf2 45.h4 gxh4 46.gxh4 Nd3 47.Bd2 Kf7 
48.h5 Kg7 49.h6+ Kg6 50.Be3 Ne5 51.Kc5 Nxf3 52.Kd5 
Ne5 53.Ke6 Ng4 54.Bf4 Ne5 55.Bxe5 fxe5 56.Kxe5 
Kxh6 57.Kf6 Kh7 58.Kf7 Kh6 59.e5 Kg5 60.e6 Kf5 
61.e7 1-0

[Event "HCL-E1594"]
[Site "www.playchess.de"]
[Date "2006.03.27"]
[Round "8"]
[White "Tarrega"]
[Black "wurmt"]
[WhiteElo "1737"]
[BlackElo "1520"]
[PlyCount "39"]
[Result "1-0"]

1.e4 {hi}  e5 {Hello. Good luck.}  2.f4 exf4 3.Bc4 
Nf6 4.Nc3 c6 5.Bb3 d5 6.exd5 cxd5 7.d4 Bd6 8.Nge2 
O-O 9.O-O g5 10.Nxd5 Nc6 11.c3 Bg4 12.h3 Bh5 13.g4 
Bg6 14.Nxf6+ Qxf6 15.h4 gxh4 16.Nxf4 Rae8 17.Nh5 
Qe7 18.Nf6+ Kg7 19.Bg5 h6 20.Nh5+ 1-0

[Event "HCL-M891"]
[Site "www.playchess.de"]
[Date "2006.03.27"]
[Round "5"]
[White "Dailos"]
[Black "Andrey777"]
[WhiteElo "2185"]
[BlackElo "2052"]
[PlyCount "71"]
[Result "1-0"]

1.e4 {Good luck}  d6 {good luck you too}  2.d4 Nf6 
3.Nc3 g6 4.Be3 Bg7 5.Qd2 c6 6.Nf3 b5 7.Bd3 Ng4 
8.Bf4 e5 9.dxe5 dxe5 10.Bg3 f6 11.Be2 Qe7 12.Rd1 
Nh6 13.Qd6 Nf7 14.Qxe7+ Kxe7 15.h4 h5 16.Nd2 Rd8 
17.O-O b4 18.Na4 Be6 19.Nc5 a5 20.Nxe6 Kxe6 21.Nb3 
Rxd1 22.Rxd1 Bh6 23.Bc4+ Ke7 24.Bxf7 Kxf7 25.Rd8 
Bf8 26.f3 a4 27.Nc1 c5 28.f4 a3 29.b3 Be7 30.Rc8 
Bd6 31.Nd3 Ke6 32.fxe5 fxe5 33.Nxc5+ Bxc5+ 34.Rxc5 
Nd7 35.Rc6+ Kf7 36.Kf2 1-0

[Event "HCL-T269"]
[Site "www.playchess.de"]
[Date "2006.03.27"]
[Round "3"]
[White "Concrete_Pluto"]
[Black "ippuli"]
[WhiteElo "1130"]
[BlackElo "1546"]
[PlyCount "40"]
[Result "0-1"]

1.e4 e5 2.d4 exd4 {Hello!! Good luck}  3.c3 d5 
4.Qf3 Nf6 5.Bg5 dxe4 6.Qg3 h6 7.Bxf6 Qxf6 8.Qxc7 
Nc6 9.Bb5 dxc3 10.Nxc3 Bb4 11.O-O-O Bxc3 12.Ne2 
Bxb2+ {??}  13.Kc2 {I must be getting ill}  Be5 
{Maybe...}  14.Rd8+ Qxd8 15.Qxe5+ Be6 16.Nf4 O-O 
17.Bxc6 Rc8 18.Rc1 Rxc6+ 19.Kb2 Qb6+ 20.Ka1 Rxc1+ 
{Thank you!!}  0-1

[Event "HCL-A2655"]
[Site "www.playchess.de"]
[Date "2006.03.27"]
[Round "1"]
[White "pawnstorm"]
[Black "victorabiodun03"]
[WhiteElo "1525"]
[BlackElo "1573"]
[PlyCount "60"]
[Result "0-1"]

1.e4 e6 2.d3 d5 3.Nd2 Nf6 4.Ngf3 Be7 5.g3 O-O 
6.Bg2 dxe4 7.dxe4 c6 8.e5 Nfd7 9.c4 Qa5 10.Qe2 c5 
11.O-O Nc6 12.b3 Qc3 13.Rb1 Ndxe5 14.Bb2 Nxf3+ 
15.Nxf3 Qa5 16.Ne5 Nd4 17.Qg4 Bf6 18.Nd3 Qc7 
19.Nf4 e5 20.Nd5 Bxg4 21.Nxc7 Rac8 22.Nd5 Nf3+ 
23.Bxf3 Bxf3 24.Nxf6+ gxf6 25.Rfe1 Kg7 26.Re3 e4 
27.Kf1 Rfd8 28.Bc3 Rd7 29.Ke1 Rcd8 30.h4 
R7d1+ 0-1

[Event "HCL-M865"]
[Site "www.playchess.de"]
[Date "2006.03.27"]
[Round "4"]
[White "FrankyB58"]
[Black "andrus"]
[WhiteElo "2214"]
[BlackElo "2009"]
[PlyCount "98"]
[Result "0-1"]

1.e4 c5 2.Nf3 d6 3.d4 cxd4 4.Nxd4 Nf6 5.Nc3 a6 
6.f4 e6 7.Be3 b5 8.Qf3 Bb7 9.Bd3 Nbd7 10.g4 b4 
11.Nce2 e5 12.Nb3 d5 13.Ng3 Qc7 14.g5 Nxe4 15.Nxe4 
Rc8 16.Ng3 d4 17.Be4 Bxe4 18.Qxe4 dxe3 19.O-O-O 
Nc5 20.Nxc5 Bxc5 21.fxe5 O-O 22.Kb1 a5 23.h4 Rfe8 
24.Rd5 Red8 25.Rhd1 a4 26.Ne2 Rxd5 27.Rxd5 Bf8 
28.Rd4 Re8 29.Qxe3 Rxe5 30.Re4 Rd5 31.Rd4 Qc5 
32.Qd2 Re5 33.Nc1 a3 34.b3 Rf5 35.Rf4 Rxf4 36.Qxf4 
Qg1 37.c4 Qg2 38.Qe5 g6 39.Qe2 Qh1 40.Qg4 Qh2 
41.Nd3 h5 42.Qd1 Qxh4 43.Qd2 Qd4 44.Kc2 h4 45.Kd1 
h3 46.Nf2 Qa1+ 47.Ke2 h2 48.Qd1 Qxa2+ 49.Kf3 
Qb2 0-1

[Event "HCL-A2612"]
[Site "www.playchess.de"]
[Date "2006.03.27"]
[Round "10"]
[White "victorabiodun03"]
[Black "XANDERKIRV"]
[WhiteElo "1534"]
[BlackElo "1489"]
[PlyCount "123"]
[Result "1-0"]

1.e4 c5 2.Nf3 e6 3.d3 d6 4.g3 Be7 5.Bg2 Nc6 6.O-O 
e5 7.c3 Nf6 8.Nbd2 O-O 9.h3 Be6 10.Re1 Qc8 11.Kh2 
h6 12.Nf1 b5 13.Ne3 a5 14.Nh4 Ne8 15.Nhf5 Bg5 
16.h4 Bxe3 17.Bxe3 Ra6 18.Qg4 Bxf5 19.Qxf5 Qxf5 
20.exf5 Nf6 21.Kh3 Ne7 22.g4 b4 23.Rad1 Rb6 24.f4 
Nd7 25.d4 cxd4 26.cxd4 exf4 27.Bxf4 Nc8 28.Rdc1 a4 
29.Rc7 Nf6 30.Rec1 Rb8 31.Bf3 Nb6 32.Bxd6 Rfc8 
33.R7xc8+ Rxc8 34.Rxc8+ Nxc8 35.Bxb4 Nb6 36.Bc5 
Nc4 37.b3 axb3 38.axb3 Nd2 39.Bd1 Nd5 40.b4 Nf4+ 
41.Kg3 Nd3 42.b5 Ne4+ 43.Kg2 Ndxc5 44.dxc5 Nxc5 
45.b6 Kf8 46.Bf3 Ke7 47.b7 Nxb7 48.Bxb7 g6 49.fxg6 
fxg6 50.g5 hxg5 51.hxg5 Ke6 52.Kg3 Kf5 53.Kh4 Ke6 
{(offering draw)}  54.Kg4 Ke5 55.Bc6 Ke6 56.Kf4 
Kf7 57.Ke5 Kg7 58.Ke6 Kh7 59.Kf7 Kh8 60.Kxg6 Kg8 
61.Bd5+ Kh8 62.Kf7 1-0

[Event "HCL-E1587"]
[Site "www.playchess.de"]
[Date "2006.03.27"]
[Round "8"]
[White "Mr_Bill"]
[Black "Nimzoindianboy"]
[WhiteElo "1646"]
[BlackElo "1511"]
[PlyCount "61"]
[Result "1-0"]

1.d4 Nf6 2.Nf3 c5 3.Nc3 e6 4.Bg5 h6 5.Bh4 d5 6.Ne5 
Nbd7 7.e3 Be7 8.Bb5 a6 9.Be2 Nxe5 10.dxe5 Nd7 
11.Bxe7 Qxe7 12.f4 b5 13.O-O Bb7 14.a3 O-O 15.Bf3 
Nb6 16.Qd3 Rad8 17.Qe2 Rd7 18.b3 c4 19.b4 Rfd8 
20.Rad1 Ba8 21.Rd4 Nc8 22.Rfd1 Na7 23.R4d2 Nc6 
24.Bg4 f5 25.Bh3 g5 26.Qh5 Kh7 27.Bxf5+ exf5 
28.Nxd5 {sticking my neck WAY out here :)}  R7xd5 
29.R2xd5 Rxd5 30.Rxd5 Nxb4 31.Rd6 1-0

[Event "HCL-M847"]
[Site "www.playchess.de"]
[Date "2006.03.27"]
[Round "14"]
[White "temple"]
[Black "NOHAU"]
[WhiteElo "1754"]
[BlackElo "2179"]
[PlyCount "35"]
[Result "1-0"]

1.d4 {Hello again,good luck.}  Nf6 2.c4 e6 3.Nf3 
b6 4.Nc3 Bb7 5.e3 Bb4 6.a3 Bxc3+ 7.bxc3 O-O 8.Bd3 
Ne4 9.Qc2 f5 10.O-O d6 11.Nd2 Nxd2 12.Bxd2 Nd7 
13.e4 f4 14.Qc1 f3 15.Bg5 Qe8 16.Qe3 Qh5 17.Bf4 
Rf6 18.Bg3 1-0

[Event "ACL-A660"]
[Site "www.playchess.de"]
[Date "2006.03.27"]
[Round "6"]
[White "Palhares"]
[Black "shadow_cup"]
[WhiteElo "1820"]
[BlackElo "1500"]
[PlyCount "37"]
[Result "1-0"]

1.e4 {Hello from Portugal. Good games}  e6 {Hello 
from Malta - Have a nice game}  2.Nf3 Nf6 3.e5 Nd5 
4.d4 c5 5.c4 Nb6 6.Bg5 Be7 7.Bxe7 Qxe7 8.Nc3 cxd4 
9.Nb5 Qb4+ 10.Qd2 Qxd2+ 11.Kxd2 Na6 12.Nd6+ Ke7 
13.Nxd4 f6 14.f4 fxe5 15.fxe5 Rf8 16.a4 Rf2+ 
17.Ke3 Rxb2 18.a5 Nxc4+ 19.Nxc4 1-0

[Event "HCL-E1533"]
[Site "www.playchess.de"]
[Date "2006.03.27"]
[Round "6"]
[White "Glomp"]
[Black "Matu"]
[WhiteElo "1587"]
[BlackElo "1553"]
[PlyCount "89"]
[Result "1/2-1/2"]

1.e4 c6 2.d4 d5 3.Nc3 dxe4 4.Nxe4 Bf5 5.Ng3 Bg6 
6.h4 h6 7.Nf3 Nf6 8.h5 Bh7 9.Bd3 Bxd3 10.Qxd3 Nbd7 
11.Bf4 Nd5 12.Bd2 e6 13.c4 N5f6 14.Qe2 Be7 15.Bc3 
O-O 16.Ne5 Nxe5 17.dxe5 Nh7 18.Rd1 Qc7 19.O-O Rfd8 
20.f4 Rxd1 21.Rxd1 Rd8 22.Ne4 Kf8 23.Rd3 Rxd3 
24.Qxd3 c5 25.Kf2 f5 26.Nd6 Bxd6 27.exd6 Qd7 
28.Be5 Kg8 29.Qa3 b6 30.b4 cxb4 31.Qxb4 Nf8 32.a4 
Kf7 33.a5 bxa5 34.Qxa5 Nh7 35.Qc7 Nf8 36.c5 Ke8 
37.c6 Qd8 38.Bxg7 Qh4+ 39.Ke2 Qg4+ 40.Kd3 Qd1+ 
41.Kc4 Qa4+ 42.Kc5 Qc2+ 43.Kb5 Qd3+ 44.Ka5 Qa3+ 
45.Kb5 {(offering draw) Da hast du wohl Glück 
gehabt, dass du dich ins Dauerschach retten 
konntest. Trotzdem Glückwunsch!} 
 1/2-1/2